Tom Cruise's directors (Sudden death) - Statistiques

Statistiques générales
  • Ce quiz a été pris 16 fois
  • Le résultat moyen est 9 sur 20
Answers on the Grid
Answers color-coded by a green-red scale on the quiz's grid according to % correct below.
Stanley Kubrick
Joseph Kosinski
Ridley Scott
Quentin Tarantino
Brian De Palma
Toni Scott
Francis Ford Coppola
Martin Scorsese
John Carpenter
Paul Thomas Anderson
Jake Kasdan
Steven Spielberg
Chris Columbus
Milos Forman
Barry Levinson
Michael Mann
Sam Mendes
Antoine Fuqua
Cameron Crowe
David Leitch
Rob Reiner
John Malkovich
Doug Liman
Ben Stiller
James Mangold
Marc Forster
Sydney Pollack
Emugli Maroraco
Ron Howard
Michael Douglas
Robert Redford
 
Statistiques - réponses
Réponse % Correct
Stanley Kubrick
93%
Michael Mann
80%
Steven Spielberg
73%
Joseph Kosinski
60%
Paul Thomas Anderson
60%
Brian De Palma
53%
Ridley Scott
47%
Rob Reiner
47%
Toni Scott
47%
Cameron Crowe
40%
Doug Liman
40%
Francis Ford Coppola
33%
Ron Howard
33%
Sydney Pollack
33%
James Mangold
27%
Martin Scorsese
27%
Barry Levinson
20%
Ben Stiller
20%
Robert Redford
13%
Michael Douglas
7%
Aucun quiz correspondant
Distribution des résultats
% des personnes avec chaque résultat
Percentile par nombre de réponses
Votre historique - résultats
Vous n’avez pas pris ce quiz